Statistiques concernant Culture en vrac #1

Cliquez ici pour prendre le quiz!

Statistiques générales

  • Ce quiz a été pris 81 fois
  • Le résultat moyen est 3 sur 20

Statistiques - réponses

QuestionRéponse% Correct
Quel aliment ne pourrit pas ?Le miel
71%
Par quoi sommes nous intoxiqué si nous sommes atteints de Saturnisme ?Plomb
54%
Combien de vertèbres possède la girafe ?7
50%
Grâce à sa faible teneur en ?Eau
38%
Comment s'appelle le dieu à deux visages ?Janus
26%
Quel est le seul crustacé entièrement terrestre ?Cloporte
17%
Comment appelle t-on la première machine à calculer ?Pascaline
16%
Avec quoi étaient faites les cordes de violons avant les cordes métalliques ?Boyaux d'animaux
13%
L'utilisation de quel système a conduit à l'écrasement de la sonde américaine Mars Climate Orbiter en 1999 ?Système Impérial
8%
Qu'est ce que la carpophobie ?Peur des fruits
7%
Et combien de litres de champagne contient un Melchizédec ?30 L
4%
Quel est le pays avec le plus de couleurs sur son drapeau ? (12)Belize
4%
A quoi correspond le numéro au fond des verres en verre ?N° de série de la machine qui l'a fabriqué
3%
Comment appelle t-on un groupe de flamants roses ?Une Flamboyance
3%
Avant l'invention des tubes métalliques pour la conservation de la peinture dans quoi était elle conservée ?Vessies de porc
3%
Qui était le premier Secrétaire du Trésor des États-Unis ?Alexander Hamilton
1%
D'où provenait autrefois la teinture violette ?Escargots marins
1%
Comment appelle t-on l'aversion des belles mères ?Pentheraphobie
1%
Quel nom porte une bouteille de champagne 12l ?Un Balthazar
1%
Qui a inventé le premier colorant de synthèse ?William Perkin
1%

Distribution des résultats

Percentile par nombre de réponses

% des personnes avec chaque résultat

Votre développement - résultats

Vous n’avez pas pris ce quiz